000 00352nam a2200145Ia 4500
008 231129s2005||||xx |||||||||||||| ||spa||
020 _a958-8220-81-5
040 _bspa
082 _a615.892 W959a
100 _aWu Wie-Ping
245 0 _aAcupuntura China
260 _c2005
264 _aSolar
942 _2ddc
_cBKS
999 _c4518
_d4518